| 000 | 01150ngm a22003490a 4500 | ||
|---|---|---|---|
| 001 | PT10788 | ||
| 003 | AR-LpoUNG | ||
| 005 | 20210201232301.0 | ||
| 007 | co ||u|||uuuuu | ||
| 008 | 191001s2001||||mx |||||||||||||||||spa d | ||
| 020 | _a970260169X | ||
| 040 |
_aAR-LpoUNG _bspa _cAR-LpoUNG _eaacr |
||
| 041 | _aspa | ||
| 044 | _amx | ||
| 082 | 0 | _a005.3 239ado | |
| 100 | 1 |
_aAntúnez Barnard, Gustavo Adolfo _etr. |
|
| 245 | 1 | 0 |
_aAdobe ilustrtor 9.0 : _bcurso completo en un libro |
| 250 | _a1§ edición | ||
| 260 |
_aMéxico, D. F. : _bPearson Educación, _c2001. |
||
| 520 | _aAdobe ilustrator es el programa de ilustración estándar de la industria para gráficos impresos, multimedia y en linea. Este programa le ofrece las herramientas que necesita para obtener resultados de calidad profesional. | ||
| 650 | 4 | _aCOMPUTACION | |
| 650 | 4 | _aGRAFICOS | |
| 650 | 4 | _aILUSTRACION | |
| 650 | 4 | _aINFORMATICA | |
| 650 | 4 | _aINTELIGENCIA ARTIFICIAL | |
| 650 | 4 | _aPROGRAMAS DE COMPUTADORA | |
| 650 | 4 | _aSISTEMAS EXPERTOS | |
| 651 | 4 | _aDOCUMENTOS TEORICOS O METODOLOGICOS | |
| 710 | 2 | _aAdobe Press | |
| 905 | _a10788 | ||
| 942 | _cCDDVD | ||
| 999 |
_c53232 _d53232 |
||